00656 2200181 4500001002100000005001500021035002000036007000300056008004100059082001000100084001600110100002600126245010400152260003400256300004200290520012600332600001600458INLIS00000000000055720210910100901 a0010-0921000029ta210910 b 1 ind  a398.2 a398.2 YUD d0 aYudhistira Ikranegara1 aDongeng Pengantar Tidur Cerita Dari Sumatra Barat :bPak Lebai Yang Malang /cYudhistira Ikranegara aSurabaya :bCv. Cahaya Agency a32 Halaman :bIlustrasi ;c14 x 20 cm aPada Zaman Dahulu , Di sebuah desa ditepi sungai di Sumatra Barat, Tinggallah Seorang yang Sangat Baik. Pak Lebai Namanya 4aCerita Anak